<?xml version="1.0" encoding="UTF-8"?>
<record
    xmlns:xsi="http://www.w3.org/2001/XMLSchema-instance"
    xsi:schemaLocation="http://www.loc.gov/MARC21/slim http://www.loc.gov/standards/marcxml/schema/MARC21slim.xsd"
    xmlns="http://www.loc.gov/MARC21/slim">

  <leader>02106nam a22002417a 4500</leader>
  <controlfield tag="005">20260124120739.0</controlfield>
  <controlfield tag="008">230523b           ||||| |||| 00| 0 eng d</controlfield>
  <datafield tag="020" ind1=" " ind2=" ">
    <subfield code="a">9781398510258</subfield>
  </datafield>
  <datafield tag="040" ind1=" " ind2=" ">
    <subfield code="c">AL</subfield>
  </datafield>
  <datafield tag="041" ind1=" " ind2=" ">
    <subfield code="a">eng</subfield>
  </datafield>
  <datafield tag="082" ind1=" " ind2=" ">
    <subfield code="2">23</subfield>
    <subfield code="a">813.54</subfield>
    <subfield code="b">EVAR</subfield>
  </datafield>
  <datafield tag="100" ind1=" " ind2=" ">
    <subfield code="a">Janet Evanovich</subfield>
    <subfield code="9">252609</subfield>
  </datafield>
  <datafield tag="245" ind1=" " ind2=" ">
    <subfield code="a">Recovery agent</subfield>
    <subfield code="b">: A Gabriela Rose Novel</subfield>
  </datafield>
  <datafield tag="260" ind1=" " ind2=" ">
    <subfield code="a">London</subfield>
    <subfield code="b">Simon &amp; Schuster</subfield>
    <subfield code="c">2022</subfield>
  </datafield>
  <datafield tag="300" ind1=" " ind2=" ">
    <subfield code="a">297p</subfield>
    <subfield code="b">PB</subfield>
    <subfield code="c">23x15cm</subfield>
  </datafield>
  <datafield tag="365" ind1=" " ind2=" ">
    <subfield code="2">English</subfield>
    <subfield code="a">1170</subfield>
    <subfield code="b">559.00</subfield>
    <subfield code="c">&#x20B9;</subfield>
    <subfield code="d">699.00</subfield>
    <subfield code="e">20%</subfield>
    <subfield code="f">17-05-2023</subfield>
  </datafield>
  <datafield tag="520" ind1=" " ind2=" ">
    <subfield code="a">Lost something? Gabriela Rose knows how to get it back. As a recovery agent, she&#x2019;s hired by individuals and companies seeking lost treasures, stolen heirlooms, or missing assets. She&#x2019;s reliable, cool under pressure, and well trained in weapons of all types. But Gabriela&#x2019;s latest job isn&#x2019;t for some bamboozled billionaire, it&#x2019;s for her own family, whose home is going to be wiped off the map if they can&#x2019;t come up with a lot of money fast.
Inspired by an old family legend, Gabriela sets off for the jungles of Peru in pursuit of the Ring of Solomon and the lost treasure of Lima. But this job comes with a huge problem attached to it&#x2014;Gabriela&#x2019;s ex-husband, Rafer. It&#x2019;s Rafer who has the map that possibly points the way to the treasure, and he&#x2019;s not about to let Gabriela find it without him.
Rafer is as relaxed as Gabriela is driven, and he has a lifetime&#x2019;s experience getting under his ex-wife&#x2019;s skin. But when they aren&#x2019;t bickering about old times the two make a formidable team, and it&#x2019;s going to take a team to defeat the vicious drug lord who has also been searching for the fabled ring. A drug lord who doesn&#x2019;t mind leaving a large body count behind him to get it.
&#x201C;A rollicking adventure and a great start to a new series&#x201D; (Booklist, starred review), The Recovery Agent will have you clamoring for more and cheering for the unstoppable Gabriela Rose on every page.</subfield>
  </datafield>
  <datafield tag="650" ind1=" " ind2=" ">
    <subfield code="a">American English Fiction</subfield>
    <subfield code="9">111417</subfield>
  </datafield>
  <datafield tag="650" ind1=" " ind2=" ">
    <subfield code="a">English Fiction</subfield>
    <subfield code="9">111418</subfield>
  </datafield>
  <datafield tag="650" ind1=" " ind2=" ">
    <subfield code="a">English Novel</subfield>
    <subfield code="9">111419</subfield>
  </datafield>
  <datafield tag="650" ind1=" " ind2=" ">
    <subfield code="a">English Thriller</subfield>
    <subfield code="9">111446</subfield>
  </datafield>
  <datafield tag="942" ind1=" " ind2=" ">
    <subfield code="2">ddc</subfield>
    <subfield code="c">BK</subfield>
  </datafield>
  <datafield tag="999" ind1=" " ind2=" ">
    <subfield code="c">227329</subfield>
    <subfield code="d">227329</subfield>
  </datafield>
  <datafield tag="952" ind1=" " ind2=" ">
    <subfield code="0">0</subfield>
    <subfield code="1">0</subfield>
    <subfield code="2">ddc</subfield>
    <subfield code="4">0</subfield>
    <subfield code="7">0</subfield>
    <subfield code="8">ENG</subfield>
    <subfield code="a">AL</subfield>
    <subfield code="b">AL</subfield>
    <subfield code="d">2023-05-20</subfield>
    <subfield code="e">Biblios Book Point Surathkal Mangalore 575014</subfield>
    <subfield code="g">559.00</subfield>
    <subfield code="l">3</subfield>
    <subfield code="o">813.54 EVAR</subfield>
    <subfield code="p">076532</subfield>
    <subfield code="r">2026-03-23 13:17:06</subfield>
    <subfield code="s">2026-03-17</subfield>
    <subfield code="v">699.00</subfield>
    <subfield code="w">2023-05-23</subfield>
    <subfield code="y">BK</subfield>
  </datafield>
</record>
